000 00466nam a2200181Ia 4500
001 3400
005 20260306145640.0
008 260306t2002||||xx |||||||||||||| ||spa||
041 _aESP
082 _a272
_bQ19 T. 4
100 _aQuasten, Johannes [1900-1987]
_eAUT
245 0 _aPatrologĂ­a:
_bdel concilio de Calcedonia (451) a Beda. Los padres latinos
260 _c2002
300 _a
_c20 cm.
650 _aGEN
654 _aCHU
942 _cLIB
_dJUS
_fJUS
_2ddc
_n
999 _c3400
_d3400